| 000 | 00945nam a22002537a 4500 | ||
|---|---|---|---|
| 999 |
_c65073 _d65073 |
||
| 005 | 20240530110805.0 | ||
| 008 | 190226s2016 ua c g 000 1dara d | ||
| 017 |
_a2016/20108 _bمصر. دار الكتب |
||
| 020 | _a9789777691567 | ||
| 040 |
_aEG-CaGPL _cEG-CaGPL |
||
| 082 | 0 | 4 |
_221 _a810.90358/ _bم أ |
| 100 | 0 | _aمعتز محمد بشير "تروتسكى" | |
| 245 | 1 | 0 |
_aابو العاص : _bاقصوصة المشروع ثمرة الارض / _cمعتز محمد بشير "تروتسكى" |
| 260 |
_aالقاهرة : _bاوراق للنشر والتوزيع، _c2016. |
||
| 300 |
_a276 ص. : _bايض ؛ _c24 سم. |
||
| 650 | 0 | 7 |
_2qrmak _aالادب العربى |
| 650 | 0 | 7 |
_2qrmak _aالادب التاريخى |
| 650 | 0 | 7 |
_2qrmak _aالشعر العربى |
| 650 | 0 | 7 |
_2qrmak _aالشعر السياسى |
| 651 | _2qrmak | ||
| 653 | 0 | _aالادب السياسى | |
| 942 |
_2ddc _cBK |
||